Načítá se...

മിസ്റ്റര്‍ കുല്‍ക്കര്‍ണ്ണി

Podrobná bibliografie
Hlavní autoři: നന്തനാര്‍, Nandanar
Médium: Printed Book
Vydáno: Trichur; Current Books; 1965
Vydání:1st
Témata:
LEADER 00847nam a22001817a 4500
082 |a  894.M301 ​   |b NAN/M K5 
100 |a  നന്തനാര്‍;   |9 25413 
100 |a Nandanar   |9 1286 
240 |a Mister kulkarnni 
245 |a മിസ്റ്റര്‍ കുല്‍ക്കര്‍ണ്ണി 
250 |a 1st 
260 |a Trichur;  |b  Current Books;   |c 1965 
300 |a 38p. 
650 |a മലയാളം; മലയാളം സാഹിത്യം; മലയാളം ചെറുകഥള്‍  |9 24911 
650 |a Malayalam; Malayalam Literature; Malayalam Short Stories; Nanthanar  |9 24905 
942 |c BK 
999 |c 35376  |d 35376 
952 |0 0  |1 0  |4 0  |6 894_000000000000000_M301_NAN_M_K5  |7 0  |8 STO  |9 39557  |a MAL  |b MAL  |d 2015-06-01  |e 9578  |g 1.75  |l 0  |o 894.M301 NAN/M K5  |p MAL009578  |r 2015-06-01  |t 1  |w 2015-06-01  |y BK